000 00682cam a2200241 a 4500
001 13107442
005 20180823081457.0
008 030228t20022003cc a 001 0 eng d
010 _a 2003268970
020 _a0596003285
035 _a(OCoLC)ocm51226535
040 _aWIY
_cWIY
_dCUS
_dDLC
041 _aeng
042 _alccopycat
080 _a005.3
082 0 0 _a005.3
_222
100 1 _a35
101 _aSHKI
245 1 0 _aProgramming Jakarta Struts /
_cChuck Cavaness.
906 _a7
_bcbc
_ccopycat
_d2
_encip
_f20
_gy-gencatlg
942 _2ddc
_cBK
999 _c47279
_d47279